000 00372nam a2200145Ia 4500
999 _c14319
_d14319
003 OSt
005 20260317142810.0
008 260210s9999 xx 000 0 und d
020 _a9783899863932
082 _a720.285 SAU
100 _aFredericks
245 0 _aMedia Architecture Compendium Vol. 2 – Concepts, Methods, Practice
260 _bAvedition
942 _cUG
_2ddc